<?xml version="1.0" encoding="UTF-8"?><?xml-stylesheet type="text/xsl" href="static/style.xsl"?><OAI-PMH xmlns="http://www.openarchives.org/OAI/2.0/" xmlns:xsi="http://www.w3.org/2001/XMLSchema-instance" xsi:schemaLocation="http://www.openarchives.org/OAI/2.0/ http://www.openarchives.org/OAI/2.0/OAI-PMH.xsd"><responseDate>2026-04-13T02:54:20Z</responseDate><request verb="GetRecord" identifier="oai:www.recercat.cat:10230/41692" metadataPrefix="marc">https://recercat.cat/oai/request</request><GetRecord><record><header><identifier>oai:recercat.cat:10230/41692</identifier><datestamp>2026-03-18T00:28:36Z</datestamp><setSpec>com_2072_6</setSpec><setSpec>col_2072_452952</setSpec></header><metadata><record xmlns="http://www.loc.gov/MARC21/slim" xmlns:dcterms="http://purl.org/dc/terms/" xmlns:xsi="http://www.w3.org/2001/XMLSchema-instance" xmlns:doc="http://www.lyncode.com/xoai" xsi:schemaLocation="http://www.loc.gov/MARC21/slim http://www.loc.gov/standards/marcxml/schema/MARC21slim.xsd">
   <leader>00925njm 22002777a 4500</leader>
   <datafield ind2=" " ind1=" " tag="042">
      <subfield code="a">dc</subfield>
   </datafield>
   <datafield ind2=" " ind1=" " tag="720">
      <subfield code="a">Rabella, Mireia</subfield>
      <subfield code="e">author</subfield>
   </datafield>
   <datafield ind2=" " ind1=" " tag="720">
      <subfield code="a">Grasa, Eva</subfield>
      <subfield code="e">author</subfield>
   </datafield>
   <datafield ind2=" " ind1=" " tag="720">
      <subfield code="a">Trujols, Joan</subfield>
      <subfield code="e">author</subfield>
   </datafield>
   <datafield ind2=" " ind1=" " tag="720">
      <subfield code="a">Gich, Ignasi</subfield>
      <subfield code="e">author</subfield>
   </datafield>
   <datafield ind2=" " ind1=" " tag="720">
      <subfield code="a">Torrubia, Rafael</subfield>
      <subfield code="e">author</subfield>
   </datafield>
   <datafield ind2=" " ind1=" " tag="720">
      <subfield code="a">Corripio, Iluminada</subfield>
      <subfield code="e">author</subfield>
   </datafield>
   <datafield ind2=" " ind1=" " tag="720">
      <subfield code="a">Pérez Solà, Víctor</subfield>
      <subfield code="e">author</subfield>
   </datafield>
   <datafield ind2=" " ind1=" " tag="720">
      <subfield code="a">Riba, Jordi</subfield>
      <subfield code="e">author</subfield>
   </datafield>
   <datafield ind2=" " ind1=" " tag="260">
      <subfield code="c">2019-06-04T07:28:59Z</subfield>
   </datafield>
   <datafield ind2=" " ind1=" " tag="260">
      <subfield code="c">2019-06-04T07:28:59Z</subfield>
   </datafield>
   <datafield ind2=" " ind1=" " tag="260">
      <subfield code="c">2018</subfield>
   </datafield>
   <datafield ind2=" " ind1=" " tag="520">
      <subfield code="a">OBJECTIVE: The need for early detection, prevention and intervention in psychosis has prompted the study of prodromal and threshold syndromes. One strategy involves the assessment of schizotypy, a personality construct involving unusual perceptual experiences, magical thinking or bizarre behavior. Sensitive measurement instruments could potentially allow detection of signs heralding transition to psychosis in high-risk individuals, or risk of relapse in patients after a first psychotic episode. The Schizotypal Personality Questionnaire (SPQ) is a self-report scale, originally developed for English speakers, that covers the nine DSM-IV criteria for schizotypal personality disorder (SPD). Our aim was to validate a Spanish version of the SPQ and assess its psychometric properties. METHODS: The original SPQ was back-translated and administered to university students (n=250). We assessed the internal consistency, the convergent, discriminant and criterion validity of the instrument, and analyzed its factor structure. RESULTS: Our version of the SPQ showed good internal consistency, and convergent (O-LIFE), discriminant (P-scale of EPQ) and criterion validity (SCID-II). Factor analyses supported a four-factor structure in fitting SPQ data. CONCLUSIONS: Our Spanish version of the SPQ questionnaire preserved the psychometric properties of the original questionnaire. This adaptation will provide a useful tool for the early detection of prodromal schizophrenia symptoms and clinical relapse in Spanish-speaking populations.</subfield>
   </datafield>
   <datafield tag="653" ind2=" " ind1=" ">
      <subfield code="a">Estudiants universitaris -- Salut i higiene</subfield>
   </datafield>
   <datafield ind2="0" ind1="0" tag="245">
      <subfield code="a">Validation of a spanish version of the schizotypal personality questionnaire (SPQ): psychometric characteristics aand underlying factor structure derived from a healthy university student sample</subfield>
   </datafield>
</record></metadata></record></GetRecord></OAI-PMH>